000 01699nam a2200493 i 4500
001 23301
003 KOSZ 005
005 20220720133548.0
008 981103s1986 pl |000 0 pol
015 _aUWD 1986/8089
020 _a8306013778
035 _a991007803529705066
035 _a(PL-WaBN)b12021179-48omnis_nlop
035 _ab12021179
035 _a(OCoLC)749519275
035 _azz2004952011
035 _a(PL)b0000001202117
035 _a(EXLNZ-48OMNIS_NETWORK)9910342954105606
040 _aWA N
_cWA N
_dKOSZ 005/HR
041 1 _apol
_heng
046 _k1977
080 _a330.3
100 1 _aMishan, Edward J.
_d(1917-2014)
_eAutor
245 1 0 _aSpór o wzrost gospodarczy /
_cEdward J. Mishan ; przeł. [z ang.] Zofia Wolińska.
246 1 _iTyt. oryg.:
_aEconomic growth debate
260 _aWarszawa :
_bPaństwowy Instytut Wydawniczy,
_c1986.
300 _a268, [2] s. ;
_c20 cm.
336 _aTekst
_btxt
_2rdacontent
337 _aBez urządzenia pośredniczącego
_bn
_2rdamedia
338 _aWolumin
_bnc
_2rdacarrier
380 _aKsiążki
388 _a1901-2000
388 _a1945-1989
490 1 _aBiblioteka Myśli Współczesnej
500 _aTyt. oryg.: "The economic growth debate : an assessment" 1977.
650 7 _aWzrost gospodarczy
_2DBN
658 _aGospodarka, ekonomia, finanse
700 1 _aWolińska, Zofia
_eTłumaczenie
710 2 _aPaństwowy Instytut Wydawniczy
_4pbl
830 0 _aBiblioteka Myśli Współczesnej
856 _uhttp://koha.tu.koszalin.pl/cgi-bin/koha/opac-detail.pl?biblionumber=23301
_yKatalog online BPK
942 _2UKD
_cKS
999 _c23301
_d23301